000 00539cam a22001931 4500
001 sa 64001743
003 DLC
005 20260227112004.0
008 950627s1961 ii af 000 0 urdo
010 _asa 64001743
040 _aDLC
_cDLC
050 0 0 _aPK2200.S43191655
_bR36 1961
100 0 _aShakīl Badāyūnī,
_d1916-1970.
245 1 0 _aRangīniyān̲ /
_c[Shakīl Badāyūnī].
260 _aLāhaur :
_bNayā Idārah,
_c1961.
300 _a152 p., [1] leaf of plates :
_bill. ;
_c23 cm.
500 _aPoems.
546 _aIn Urdu.
999 _c56908
_d56908